| 000 | 00718nam a22002057a 4500 | ||
|---|---|---|---|
| 005 | 20230425110051.0 | ||
| 008 | 230425b ||||| |||| 00| 0 eng d | ||
| 020 | _a9781484285190 | ||
| 040 | _cAIMIT LIBRARY | ||
| 082 |
_21 _a729 _bHILC |
||
| 100 |
_aHillmann, Cornel. _992355 |
||
| 245 |
_aUX for XR : _bUser experience design and strategies for immersive technologies / _cBy Cornel Hillmann. |
||
| 250 | _a1st ed. | ||
| 260 |
_aNew York ; _bApress , _c2022 |
||
| 300 |
_axxiv,255p. ; _bPB. _c23 cm. |
||
| 650 |
_aThe history and future of XR _992356 |
||
| 650 |
_aPioneering platforms and UK learnings _992357 |
||
| 650 |
_aPractical approach :UX and UR in the real world _992358 |
||
| 942 |
_2ddc _cBK _e1st _k729 HILC |
||
| 999 |
_c227266 _d227266 |
||